Histórias do futuro / (Record no. 318)

MARC details
000 -LÍDER
campo de controle de tamanho fixo 01697nam a2200301 4500
001 - NÚMERO DE CONTROLE
campo de controle 318
003 - IDENTIFICADOR DO NÚMERO DE CONTROLE
campo de controle OSt
005 - DATA E HORÁRIO DA ÚLTIMA TRANSAÇÃO
campo de controle 20250327125651.0
008 - CAMPO DE DADOS FIXOS--INFORMAÇÃO GERAL
campo de controle de tamanho fixo 250325b |||||||e |||| 00| e eng d
040 ## - FONTE DA CATALOGAÇÃO
Idioma da catalogação por
041 ## - CÓDIGO DE IDIOMA
Código do idioma do original e/ou traduções intermediárias do texto por
Código do idioma do texto/trilha sonora ou título diferente por
082 ## - CDD - CLASSIFICAÇÃO DECIMAL DE DEWEY
Número de Classificação 282
Número do exemplar V658h
100 1# - ENTRADA PRINCIPAL--NOME PESSOAL
Nome pessoal Antônio Vieira, Padre
Datas associadas ao nome 1608-1697
245 ## - TÍTULO
Título Histórias do futuro /
Indicação de responsabilidade, etc. Antônio Vieira, Padre ;
260 ## - PUBLICAÇÃO, DISTRIBUIÇÃO, ETC.
Local de publicação, distribuição, etc. Espírito Santo
Nome do editor, distribuidor, etc. Formar
Data da publicação, distribuição, etc. 1978
300 ## - DESCRIÇÃO FÍSICA
Extensão 179 p.
490 1# - TÍTULO DA SÉRIE
Título da série Grandes Mestres do Pensamento
Número do volume ou designação sequencial da série Livro 3
500 ## - NOTA GERAL
Nota geral Volume 3 da Coleção "Grande Mestres do Pensamentos".
520 ## - NOTA DE RESUMO, ETC.
Resumo, etc. História do Futuro é uma obra do Padre António Vieira, escrita no século XVII, que apresenta uma visão profética sobre o destino de Portugal e sua missão no mundo. Inspirado por conceitos religiosos e messiânicos, Vieira desenvolve a ideia do "Quinto Império", um período de glória e expansão do reino português, baseado em interpretações bíblicas e na crença de que Portugal teria um papel central na difusão do cristianismo.<br/><br/>O livro mistura elementos históricos, teológicos e políticos, refletindo o pensamento visionário de Vieira e seu desejo de revitalização da nação portuguesa. Embora tenha sido proibido pela Inquisição e só publicado postumamente no século XVIII, História do Futuro continua sendo uma obra fundamental para compreender o pensamento sebastianista e a mentalidade messiânica da época.
650 #0 - ASSUNTO--TERMO TÓPICO
Cabeçalho tópico ou nome geográfico Literatura portuguesa
9 (RLIN) 91
650 #0 - ASSUNTO--TERMO TÓPICO
Cabeçalho tópico ou nome geográfico Teologia
9 (RLIN) 635
650 #0 - ASSUNTO--TERMO TÓPICO
Cabeçalho tópico ou nome geográfico Politica
9 (RLIN) 138
650 #0 - ASSUNTO--TERMO TÓPICO
Cabeçalho tópico ou nome geográfico Evangelização
9 (RLIN) 636
655 #0 - TERMO DE ÍNDICE--GÊNERO E FORMA
Gênero/forma/ou termo foco Não Ficção
655 #0 - TERMO DE ÍNDICE--GÊNERO E FORMA
Gênero/forma/ou termo foco Ensaio
830 ## - ENTRADA SECUNDÁRIA DE SÉRIE--TÍTULO UNIFORME
Título uniforme Grandes Mestres do Pensamento
Número do volume ou designação sequencial da série vol. 3
9 (RLIN) 596
942 ## - ELEMENTOS DE ENTRADA ADICIONADOS (KOHA)
Fonte de classificação ou esquema de arquivamento Classificação decimal de Dewey
Ocultar no OPAC Não
Tipo de material Koha Livros
Holdings
Situação do descarte Situação das perdas Fonte de classificação ou esquema de arquivamento Materiais especificados (volume encadernado ou outra parte) Status danificado Não pode ser emprestado Coleção Biblioteca de origem Biblioteca atual Localização na estante Data de aquisição Fonte de aquisição Total de empréstimos Número de chamada completo Código de barras Data de último acesso Data do preço efetivo Tipo de material Koha
    Classificação decimal de Dewey vol. 04     Não ficção Biblioteca Professor Eduardo Afonso de Castro Biblioteca Professor Eduardo Afonso de Castro Psicologia e Filosofia 25.03.2025 doação   282 / V658h 2025-17271 25.03.2025 25.03.2025 Livros

Powered by Koha